| 000 | 01439nam a2200325 a 4500 | ||
|---|---|---|---|
| 001 | ebr10087277 | ||
| 003 | CaPaEBR | ||
| 006 | m u | ||
| 007 | cr cn||||||||| | ||
| 008 | 990928s2000 enkab sb 001 0 eng | ||
| 020 | _z0195131479 (cloth : alk. paper) | ||
| 040 |
_aCaPaEBR _cCaPaEBR |
||
| 035 | _a(OCoLC)560325849 | ||
| 043 | _an-us-ms | ||
| 050 | 1 | 4 |
_aF341 _b.O47 2000eb |
| 082 | 0 | 4 |
_a306.2/09762/09034 _221 |
| 100 | 1 | _aOlsen, Christopher J. | |
| 245 | 1 | 0 |
_aPolitical culture and secession in Mississippi _h[electronic resource] : _bmasculinity, honor, and the antiparty tradition, 1830-1860 / _cChristopher J. Olsen. |
| 260 |
_aOxford ; _aNew York : _bOxford University Press, _c2000. |
||
| 300 |
_aviii, 266 p. : _bill., 1 map. |
||
| 504 | _aIncludes bibliographical references (p. 241-260) and index. | ||
| 533 |
_aElectronic reproduction. _bPalo Alto, Calif. : _cebrary, _d2013. _nAvailable via World Wide Web. _nAccess may be limited to ebrary affiliated libraries. |
||
| 650 | 0 |
_aPolitical culture _zMississippi _xHistory _y19th century. |
|
| 650 | 0 |
_aPolitical parties _zMississippi _xHistory _y19th century. |
|
| 650 | 0 |
_aSecession _zMississippi. |
|
| 651 | 0 |
_aMississippi _xPolitics and government _yTo 1865. |
|
| 655 | 7 |
_aElectronic books. _2local |
|
| 710 | 2 | _aebrary, Inc. | |
| 856 | 4 | 0 |
_uhttp://site.ebrary.com/lib/rucke/Doc?id=10087277 _zAn electronic book accessible through the World Wide Web; click to view |
| 999 |
_c51779 _d51779 |
||